|
|
|
|
| LEADER |
01081nam a2200241 i 4500 |
| 001 |
10095644 |
| 003 |
GR-PaULI |
| 005 |
20220830133228.0 |
| 008 |
220518s2005 gr g d gre d |
| 952 |
|
|
|0 0
|1 0
|2 ddc
|4 0
|6 889_270000000000000_ΔΗΜ
|7 0
|9 360020
|a THST
|b THST
|d 2022-05-18
|i 017151
|l 1
|o 889.27 ΔΗΜ
|p 025000288531
|r 2023-04-06 00:00:00
|s 2022-09-06
|t 1
|w 2022-05-18
|y BK15
|
| 999 |
|
|
|c 210435
|d 210435
|
| 020 |
|
|
|a 9789605042585
|
| 040 |
|
|
|a GR-PaULI
|c GR-PaULI
|b gre
|e AACR2
|
| 082 |
0 |
4 |
|a 889.27
|2 23
|
| 100 |
1 |
|
|9 1839
|a Δημητριάδης, Δημήτρης,
|d 1944-
|e συγγραφέας
|
| 245 |
1 |
3 |
|a Τα δώρα της νύχτας /
|c Δημήτρης Δημητριάδης.
|
| 260 |
|
|
|a Αθήνα :
|b Νεφέλη,
|c 2019.
|
| 300 |
|
|
|a 91 σ. :
|b εικ. ;
|c 20 εκ.
|
| 490 |
1 |
|
|a Θέατρο - Απαντα Δ. Δημητριάδη / Νεφέλη
|
| 650 |
|
4 |
|a Ελληνικά θεατρικά έργα
|y 21ος αιώνας
|9 102577
|
| 830 |
|
0 |
|a Θέατρο . Απαντα Δ. Δημητριάδη (Νεφέλη)
|9 191845
|
| 942 |
|
|
|2 ddc
|c BK15
|
| 998 |
|
|
|c ΜΑΝΙΑ
|d 2022-05
|